[Event "Czech Open Rapid 2019"]
[Site "Pardubice"]
[Date "2019.07.18"]
[Round "7.1"]
[White "Movsesian, Sergei"]
[Black "Potapov, Pavel"]
[Result "1/2-1/2"]
[WhiteElo "2649"]
[BlackElo "2485"]
[Annotator "TA"]
[PlyCount "54"]
[EventDate "2019.07.17"]
[EventType "swiss"]
[EventCountry "CZE"]
[SourceTitle "playchess.com"]
[Source "ChessBase"]
[SourceQuality "1"]

1. e4 c5 2. Nc3 Nc6 3. g3 g6 4. Bg2 Bg7 5. d3 d6 6. Nge2 Rb8 7. O-O b5 8. h3 b4 9. Nd5 e6 10. Ne3 Nge7 11. a3 a5 12. axb4 axb4 13. f4 f5 14. g4 O-O 15. exf5 exf5 16. gxf5 Bxf5 17. Nxf5 Rxf5 18. Ng3 Rf8 19. f5 gxf5 20. Nh5 Qd7 21. Nxg7 Kxg7 22. Qh5 Rf6 23. Kh2 Rg6 24. Bg5 Rg8 25. Qh4 h6 26. Be3 Kh7 27. Bh1 Qe6 1/2-1/2

[Event "Czech Open Rapid 2019"]
[Site "Pardubice"]
[Date "2019.07.18"]
[Round "7.1"]
[White "Shcherbin, Matvei"]
[Black "Votava, Jan"]
[Result "1/2-1/2"]
[WhiteElo "2366"]
[BlackElo "2521"]
[Annotator "ChessBase"]
[PlyCount "56"]
[EventDate "2019.07.17"]
[EventType "swiss"]
[EventCountry "CZE"]
[SourceTitle "playchess.com"]
[Source "ChessBase"]
[SourceQuality "1"]

1. e4 e5 2. Nf3 Nc6 3. d4 exd4 4. Nxd4 Nf6 5. Nxc6 bxc6 6. e5 Qe7 7. Qe2 Nd5 8. h4 d6 9. c4 Nb6 10. exd6 cxd6 11. Bg5 Qxe2+ 12. Bxe2 h6 13. Bf4 Be6 14. Nd2 d5 15. Rc1 Bb4 16. a3 Bxd2+ 17. Bxd2 Nxc4 18. Bxc4 dxc4 19. O-O f6 20. Bb4 Kf7 21. Rfe1 Rhe8 22. Re4 Rab8 23. Rce1 Rb5 24. f3 h5 25. Kf2 c5 26. Bc3 Rb6 27. Rd1 Rc6 28. Rd2 Rec8 1/2-1/2

[Event "Czech Open Rapid 2019"]
[Site "Pardubice"]
[Date "2019.07.18"]
[Round "7.2"]
[White "Nagy, Gabor"]
[Black "Pechac, Jergus"]
[Result "1/2-1/2"]
[WhiteElo "2474"]
[BlackElo "2469"]
[Annotator "ChessBase"]
[PlyCount "137"]
[EventDate "2019.07.17"]
[EventType "swiss"]
[EventCountry "CZE"]
[SourceTitle "playchess.com"]
[Source "ChessBase"]
[SourceQuality "1"]

1. c4 g6 2. d4 Bg7 3. Nf3 Nf6 4. g3 c6 5. Bg2 O-O 6. O-O d5 7. Qb3 dxc4 8. Qxc4 Bf5 9. e3 Nbd7 10. Nc3 Ne4 11. Nh4 Nb6 12. Qe2 Nxc3 13. bxc3 Be6 14. Rd1 Re8 15. e4 Bc4 16. Qc2 Qc7 17. Nf3 Nd7 18. Nd2 Be2 19. Re1 Ba6 20. e5 c5 21. Qb3 Nf8 22. Ne4 cxd4 23. cxd4 Bc4 24. Qb2 Bd5 25. Be3 b6 26. Nf6+ exf6 27. Bxd5 Rac8 28. exf6 Bxf6 29. Qb3 Ne6 30. Rad1 Nxd4 31. Qa4 Ne6 32. Bf4 Qc2 33. Bb3 Qc5 34. Bxe6 fxe6 35. Qxa7 Ra8 36. Qd7 Rad8 37. Qa4 Bd4 38. Be3 Bxe3 39. Rxe3 Rxd1+ 40. Qxd1 Rc8 41. Rxe6 Qc1 42. Qxc1 Rxc1+ 43. Kg2 Rc2 44. a3 Ra2 45. Re3 Rb2 46. h4 b5 47. g4 b4 48. axb4 Rxb4 49. Kg3 Kf7 50. f3 Rb7 51. Re5 Rc7 52. Ra5 Rb7 53. h5 Kg7 54. Kh4 Rf7 55. Kg3 Kh6 56. f4 Kg7 57. Rb5 Ra7 58. Kh4 Rf7 59. f5 gxf5 60. Rxf5 Ra7 61. Rg5+ Kh8 62. Rb5 Kg7 63. Rb6 h6 64. Rb4 Rc7 65. Rd4 Rb7 66. g5 hxg5+ 67. Kxg5 Rb5+ 68. Kg4 Rb7 69. Kg5 1/2-1/2

[Event "Czech Open Rapid 2019"]
[Site "Pardubice"]
[Date "2019.07.18"]
[Round "7.2"]
[White "Sydoryka, Vladyslav"]
[Black "Gazik, Viktor"]
[Result "0-1"]
[WhiteElo "2315"]
[BlackElo "2525"]
[Annotator "ChessBase"]
[PlyCount "66"]
[EventDate "2019.07.17"]
[EventType "swiss"]
[EventCountry "CZE"]
[SourceTitle "playchess.com"]
[Source "ChessBase"]
[SourceQuality "1"]

1. c4 e5 2. g3 Nc6 3. Bg2 f5 4. Nc3 Nf6 5. d3 Bb4 6. Bd2 a5 7. a3 Bc5 8. e3 O-O 9. Nge2 d6 10. Nd5 Nxd5 11. cxd5 Ne7 12. Bc3 Bb6 13. O-O Qe8 14. Qc2 Bd7 15. d4 e4 16. Nf4 g5 17. Ne6 Bxe6 18. dxe6 Qg6 19. f3 d5 20. g4 Qxe6 21. gxf5 Nxf5 22. Rae1 exf3 23. Rxf3 Nh4 24. Rg3 h6 25. e4 Rae8 26. Rge3 Rf4 27. exd5 Qxe3+ 28. Rxe3 Rxe3 29. d6 Bxd4 30. Kh1 Bxc3 31. Bd5+ Kf8 32. h3 Rf1+ 33. Kh2 Be5# 0-1

[Event "Czech Open Rapid 2019"]
[Site "Pardubice"]
[Date "2019.07.18"]
[Round "7.3"]
[White "Zanan, Evgeny"]
[Black "Strebkovs, Andrejs"]
[Result "1-0"]
[WhiteElo "2505"]
[BlackElo "2275"]
[Annotator "ChessBase"]
[PlyCount "87"]
[EventDate "2019.07.17"]
[EventType "swiss"]
[EventCountry "CZE"]
[SourceTitle "playchess.com"]
[Source "ChessBase"]
[SourceQuality "1"]

1. d4 d5 2. Nf3 Nf6 3. Bf4 g6 4. e3 Bg7 5. c4 c6 6. Nc3 O-O 7. Qb3 Qb6 8. c5 Qd8 9. Be2 b6 10. cxb6 axb6 11. O-O Nbd7 12. h3 Ba6 13. Rfc1 Bxe2 14. Nxe2 Rc8 15. Qa4 c5 16. b4 Ne4 17. Rab1 Ra8 18. Qc2 c4 19. a4 Qc8 20. Ra1 Qc6 21. b5 Qb7 22. Nd2 Nxd2 23. Qxd2 e5 24. Bg3 Rfe8 25. Nc3 exd4 26. exd4 Nf6 27. Be5 Ne4 28. Nxe4 Bxe5 29. dxe5 dxe4 30. Rxc4 Rxe5 31. Rac1 Re7 32. Qe3 Rd8 33. Rc6 Rb8 34. R1c4 f5 35. Qb3 Kf8 36. Qc3 Kf7 37. Rc7 Qd5 38. Rxe7+ Kxe7 39. Qg7+ Ke8 40. Rc7 Qd1+ 41. Kh2 Qd6+ 42. g3 Kd8 43. Rf7 Ke8 44. Qg8+ 1-0

[Event "Czech Open Rapid 2019"]
[Site "Pardubice"]
[Date "2019.07.18"]
[Round "7.3"]
[White "Bryzgalin, Kirill"]
[Black "Skliarov, Viktor"]
[Result "1-0"]
[WhiteElo "2437"]
[BlackElo "2360"]
[Annotator "NA"]
[PlyCount "81"]
[EventDate "2019.07.17"]
[EventType "swiss"]
[EventCountry "CZE"]
[SourceTitle "playchess.com"]
[Source "ChessBase"]
[SourceQuality "1"]

1. d4 Nf6 2. Nf3 g6 3. e3 Bg7 4. b4 O-O 5. Bb2 d6 6. c4 c5 7. a3 a5 8. b5 Nbd7 9. Be2 Nb6 10. O-O Bg4 11. Nbd2 Rc8 12. Rc1 cxd4 13. exd4 Bh6 14. Rc2 Na4 15. Ba1 Bf5 16. Rc1 Nb6 17. Bc3 a4 18. Ba5 Ra8 19. Bb4 Rc8 20. Re1 Bg4 21. Bf1 Re8 22. h3 Be6 23. Rc3 d5 24. c5 Nc4 25. Nxc4 dxc4 26. Rxe6 fxe6 27. Bxc4 Nd5 28. Qe1 Nxc3 29. Bxe6+ Kh8 30. Bxc3 Bg7 31. Ba5 Rc7 32. Qe4 Rf8 33. d5 Qb8 34. Bb4 Rcc8 35. Bxc8 Qxc8 36. Nd4 Bf6 37. Ne6 Re8 38. g3 Qd7 39. c6 bxc6 40. dxc6 Qd1+ 41. Kg2 1-0

[Event "Czech Open Rapid 2019"]
[Site "Pardubice"]
[Date "2019.07.18"]
[Round "7.4"]
[White "Belyakov, Bogdan"]
[Black "Bagi, Mate"]
[Result "0-1"]
[WhiteElo "2500"]
[BlackElo "2459"]
[Annotator "ChessBase"]
[PlyCount "138"]
[EventDate "2019.07.17"]
[EventType "swiss"]
[EventCountry "CZE"]
[SourceTitle "playchess.com"]
[Source "ChessBase"]
[SourceQuality "1"]

1. e4 e5 2. Nf3 Nc6 3. Bc4 Nf6 4. d4 exd4 5. e5 d5 6. Bb5 Nd7 7. O-O Be7 8. Bxc6 bxc6 9. Nxd4 Nb8 10. f4 c5 11. Ne2 f5 12. exf6 Bxf6 13. Nec3 Bd4+ 14. Kh1 O-O 15. Qf3 c6 16. Ne2 Bf6 17. Ng3 Na6 18. c3 c4 19. Be3 Rb8 20. Qf2 c5 21. Bxc5 Nxc5 22. Qxc5 Rxb2 23. Rd1 Bb7 24. Nd2 Qb6 25. Qxb6 axb6 26. Ne2 Re8 27. Nd4 Bxd4 28. cxd4 Re2 29. Nf3 Rxg2 30. a4 Bc8 31. a5 Bg4 32. Rf1 Bxf3 33. Rxf3 Rxh2+ 34. Kg1 Rbg2+ 35. Kf1 bxa5 36. Rxa5 Ra2 37. Rxa2 Rxa2 38. Ke1 Kf7 39. Rh3 Kg6 40. Rg3+ Kf6 41. Rg5 Ra5 42. Kd2 g6 43. Kc3 Rb5 44. Re5 h5 45. Kc2 h4 46. Re8 h3 47. Rf8+ Ke6 48. Rh8 Rb3 49. Rh4 Kf5 50. Kd2 Rd3+ 51. Ke2 Rxd4 52. Rxh3 Rxf4 53. Rh8 Ke4 54. Rg8 Rf6 55. Kd2 Kd4 56. Ke2 c3 57. Rh8 Re6+ 58. Kd1 Kd3 59. Rh2 d4 60. Rh3+ Re3 61. Rh2 Rg3 62. Rd2+ Kc4 63. Rh2 Rg1+ 64. Ke2 d3+ 65. Kf2 Rg5 66. Ke3 Re5+ 67. Kf4 Re2 68. Rh8 d2 69. Rd8 Re1 0-1

[Event "Czech Open Rapid 2019"]
[Site "Pardubice"]
[Date "2019.07.18"]
[Round "7.4"]
[White "Simacek, Pavel"]
[Black "Rytenko, Vsevolod"]
[Result "1-0"]
[WhiteElo "2490"]
[BlackElo "2303"]
[Annotator "ChessBase"]
[PlyCount "65"]
[EventDate "2019.07.17"]
[EventType "swiss"]
[EventCountry "CZE"]
[SourceTitle "playchess.com"]
[Source "ChessBase"]
[SourceQuality "1"]

1. e4 g6 2. d4 Bg7 3. Nc3 c6 4. Nf3 d5 5. h3 Nf6 6. e5 Ne4 7. Nxe4 dxe4 8. Ng5 c5 9. c3 Nc6 10. Bc4 O-O 11. Be3 cxd4 12. cxd4 b5 13. Bb3 Bb7 14. O-O Nb4 15. Qd2 a5 16. a3 a4 17. Bxf7+ Rxf7 18. Nxf7 Kxf7 19. Qxb4 Bd5 20. Qxb5 Rb8 21. Qxa4 Rxb2 22. Rfb1 Qb6 23. Rxb2 Qxb2 24. Qd1 Bf8 25. a4 Bb3 26. Qc1 Qe2 27. a5 Bc4 28. Qd2 Qh5 29. a6 Be2 30. a7 Bf3 31. a8=Q Bxg2 32. Kxg2 Qf3+ 33. Kh2 1-0

[Event "Czech Open Rapid 2019"]
[Site "Pardubice"]
[Date "2019.07.18"]
[Round "7.5"]
[White "Zpevak, Pavel"]
[Black "Lederman, Leon"]
[Result "1/2-1/2"]
[WhiteElo "2343"]
[BlackElo "2238"]
[Annotator "NA"]
[PlyCount "40"]
[EventDate "2019.07.17"]
[EventType "swiss"]
[EventCountry "CZE"]
[SourceTitle "playchess.com"]
[Source "ChessBase"]
[SourceQuality "1"]

1. d4 d5 2. c4 dxc4 3. Nf3 a6 4. a4 Nf6 5. e3 Bg4 6. Bxc4 e6 7. O-O c5 8. Nc3 Nc6 9. Be2 Be7 10. dxc5 Bxc5 11. Qb3 Qe7 12. Bd2 O-O 13. Rfd1 Rfd8 14. Be1 Rxd1 15. Rxd1 Rc8 16. h3 Bh5 17. Qc4 Bxf3 18. Bxf3 Ne5 19. Qe2 Nxf3+ 20. Qxf3 h6 1/2-1/2

[Event "Czech Open Rapid 2019"]
[Site "Pardubice"]
[Date "2019.07.18"]
[Round "7.5"]
[White "Goriatchkin, Jouri"]
[Black "Valderrama Quiceno, Esteban Alb"]
[Result "1/2-1/2"]
[WhiteElo "2316"]
[BlackElo "2423"]
[Annotator "NA"]
[PlyCount "64"]
[EventDate "2019.07.17"]
[EventType "swiss"]
[EventCountry "CZE"]
[SourceTitle "playchess.com"]
[Source "ChessBase"]
[SourceQuality "1"]

1. d4 Nf6 2. c4 e6 3. g3 Bb4+ 4. Bd2 Qe7 5. Nc3 O-O 6. Bg2 c5 7. a3 Bxc3 8. Bxc3 d6 9. Nf3 Rd8 10. O-O Nbd7 11. Re1 Ne4 12. Qd3 Nxc3 13. Qxc3 Rb8 14. e4 cxd4 15. Nxd4 a6 16. a4 Nf6 17. a5 Qc7 18. b4 Bd7 19. h3 Rbc8 20. Rac1 Qb8 21. Qe3 Be8 22. Kh2 h6 23. f4 Rc7 24. e5 dxe5 25. fxe5 Nh7 26. c5 Ba4 27. Re2 Nf8 28. Rd2 Rcd7 29. Ra1 Bb5 30. Rad1 Ba4 31. Ra1 Bb5 32. Rad1 Ba4 1/2-1/2

[Event "Czech Open Rapid 2019"]
[Site "Pardubice"]
[Date "2019.07.18"]
[Round "7.6"]
[White "Peng, Li Min"]
[Black "Geller, Jakov"]
[Result "1/2-1/2"]
[WhiteElo "2466"]
[BlackElo "2525"]
[Annotator "ChessBase"]
[PlyCount "75"]
[EventDate "2019.07.17"]
[EventType "swiss"]
[EventCountry "CZE"]
[SourceTitle "playchess.com"]
[Source "ChessBase"]
[SourceQuality "1"]

1. c4 e6 2. Nf3 d5 3. g3 dxc4 4. Qa4+ c6 5. Qxc4 b5 6. Qb3 Bb7 7. Bg2 Nf6 8. O-O a6 9. a4 Nbd7 10. d4 c5 11. axb5 Bd5 12. Qc3 axb5 13. Rxa8 Qxa8 14. dxc5 Bxc5 15. b4 Be7 16. Qd3 Be4 17. Qa3 Qb7 18. Nc3 Bc6 19. e4 O-O 20. Nd4 Ne5 21. Rd1 Rc8 22. Qb3 h6 23. f4 Nc4 24. h3 Qb6 25. Kh2 e5 26. fxe5 Nxe5 27. Bf4 Nfd7 28. Nd5 Bxd5 29. Qxd5 Bf6 30. Qxb5 Qxb5 31. Nxb5 Rc2 32. Rd2 Rc4 33. Nd4 Rxb4 34. Nc6 Nxc6 35. Rxd7 Rb2 36. Rd2 Rb5 37. Rd5 Rb2 38. Rd2 1/2-1/2

[Event "Czech Open Rapid 2019"]
[Site "Pardubice"]
[Date "2019.07.18"]
[Round "7.6"]
[White "Burdalev, Kirill"]
[Black "Karalkin, Maksim"]
[Result "1-0"]
[WhiteElo "2385"]
[BlackElo "2137"]
[Annotator "NA"]
[PlyCount "53"]
[EventDate "2019.07.17"]
[EventType "swiss"]
[EventCountry "CZE"]
[SourceTitle "playchess.com"]
[Source "ChessBase"]
[SourceQuality "1"]

1. d4 Nf6 2. Nf3 e6 3. Bf4 d5 4. e3 Bd6 5. Bg3 c5 6. Nbd2 O-O 7. Bd3 Nc6 8. c3 b6 9. Qe2 Bb7 10. Rd1 cxd4 11. exd4 h6 12. O-O Bxg3 13. hxg3 a5 14. Ne5 Nxe5 15. dxe5 Nd7 16. Qe3 Ba6 17. Nf3 Bxd3 18. Rxd3 b5 19. Nd4 Qb6 20. f4 Nc5 21. Rdd1 Ne4 22. g4 Rac8 23. f5 b4 24. cxb4 axb4 25. f6 Rc4 26. fxg7 Kxg7 27. Nf5+ 1-0

[Event "Czech Open Rapid 2019"]
[Site "Pardubice"]
[Date "2019.07.18"]
[Round "7.7"]
[White "Vorobiov, Evgeny E."]
[Black "Bogdanov, Egor"]
[Result "1-0"]
[WhiteElo "2578"]
[BlackElo "2407"]
[Annotator "ChessBase"]
[PlyCount "115"]
[EventDate "2019.07.17"]
[EventType "swiss"]
[EventCountry "CZE"]
[SourceTitle "playchess.com"]
[Source "ChessBase"]
[SourceQuality "1"]

1. d4 Nf6 2. c4 g6 3. Nc3 Bg7 4. e4 O-O 5. Be2 d6 6. Be3 e5 7. d5 Nbd7 8. g4 Nc5 9. f3 a5 10. h4 c6 11. Nh3 Bd7 12. Nf2 a4 13. Qd2 cxd5 14. cxd5 Qa5 15. Nd3 Nxd3+ 16. Bxd3 Rfc8 17. a3 h5 18. g5 Ne8 19. Na2 Qxd2+ 20. Kxd2 Bf8 21. Rac1 Be7 22. Rxc8 Rxc8 23. Nc3 f6 24. gxf6 Bxf6 25. Bc2 Ra8 26. Bd3 Rc8 27. Bb5 Bxb5 28. Nxb5 Kf7 29. Kd3 Be7 30. Bf2 Nf6 31. Nc3 Ra8 32. Kc4 Nd7 33. Kb5 g5 34. hxg5 Bxg5 35. Nxa4 Bd2 36. Nb6 Ra5+ 37. Kc4 Nxb6+ 38. Bxb6 Ra6 39. Bc7 Kg6 40. Kb5 Bg5 41. a4 h4 42. a5 Be7 43. Bb6 Ra8 44. b4 Kh5 45. Bc7 Ra6 46. Bb6 Ra8 47. Be3 Ra6 48. Rg1 Bf6 49. Rg8 h3 50. Bg1 Kh4 51. Bf2+ Kh5 52. Rg3 Kh4 53. Rg6+ Kh5 54. Rxf6 Ra8 55. Be3 Rh8 56. Rf5+ Kg6 57. Rg5+ Kf6 58. Rg1 1-0

[Event "Czech Open Rapid 2019"]
[Site "Pardubice"]
[Date "2019.07.18"]
[Round "7.7"]
[White "Poleg, Matan"]
[Black "Retinsky, Vladimir"]
[Result "1-0"]
[WhiteElo "2226"]
[BlackElo "2343"]
[Annotator "NA"]
[PlyCount "91"]
[EventDate "2019.07.17"]
[EventType "swiss"]
[EventCountry "CZE"]
[SourceTitle "playchess.com"]
[Source "ChessBase"]
[SourceQuality "1"]

1. d4 d5 2. Nf3 Bf5 3. c4 c6 4. Nc3 e6 5. Qb3 Qb6 6. c5 Qxb3 7. axb3 Nd7 8. b4 Ngf6 9. Bf4 Ne4 10. e3 Be7 11. h3 O-O 12. b5 f6 13. Nh4 Bg6 14. Nxg6 hxg6 15. Nxe4 dxe4 16. Bc4 Kf7 17. bxc6 bxc6 18. Ra6 Rfc8 19. Kd2 Nb8 20. Ra4 a6 21. Rha1 Ra7 22. Rb4 Nd7 23. Rxa6 Rxa6 24. Bxa6 Rd8 25. Bc7 Ra8 26. Bb7 Ra7 27. Bg3 e5 28. Bxc6 exd4 29. exd4 f5 30. Rb7 Rxb7 31. Bxb7 Bg5+ 32. Ke2 Ke7 33. c6 Nb6 34. Bc7 Nd5 35. Be5 Kd8 36. b4 Bf6 37. Bd6 Bxd4 38. Ba6 Nb6 39. Bf4 Bc3 40. Bd6 Bd4 41. h4 Bc3 42. f3 exf3+ 43. Kxf3 Nd5 44. Bc4 Bxb4 45. c7+ Kd7 46. Bb5+ 1-0

[Event "Czech Open Rapid 2019"]
[Site "Pardubice"]
[Date "2019.07.18"]
[Round "7.8"]
[White "Cerveny, Martin"]
[Black "Plat, Vojtech"]
[Result "1-0"]
[WhiteElo "2351"]
[BlackElo "2548"]
[Annotator "ChessBase"]
[PlyCount "91"]
[EventDate "2019.07.17"]
[EventType "swiss"]
[EventCountry "CZE"]
[SourceTitle "playchess.com"]
[Source "ChessBase"]
[SourceQuality "1"]

1. d4 Nf6 2. Nf3 g6 3. c4 Bg7 4. Nc3 d5 5. cxd5 Nxd5 6. e4 Nxc3 7. bxc3 c5 8. Rb1 O-O 9. Be2 Nc6 10. d5 Ne5 11. Nxe5 Bxe5 12. Qd2 b6 13. f4 Bg7 14. c4 e5 15. Bb2 f5 16. O-O exf4 17. e5 g5 18. Bh5 Ba6 19. Rbc1 g4 20. e6 Bxb2 21. Qxb2 Qd6 22. Rfe1 Qe7 23. Qe5 Rad8 24. d6 Qg5 25. Bf7+ Rxf7 26. exf7+ Kxf7 27. Qd5+ Kf8 28. Re7 Qf6 29. Rxa7 Rxd6 30. Ra8+ Kg7 31. Qg8+ Kh6 32. h4 gxh3 33. Ra7 Qg6 34. Qf8+ Kh5 35. Rg7 Qf6 36. Rxh7+ Kg5 37. Qg8+ Qg6 38. Rg7 f3 39. Rxg6+ Rxg6 40. Qd8+ Kf4 41. Qh4+ Rg4 42. g3+ Ke3 43. Qh6+ Kd3 44. Kf2 Re4 45. Qd6+ Rd4 46. Qe5 1-0

[Event "Czech Open Rapid 2019"]
[Site "Pardubice"]
[Date "2019.07.18"]
[Round "7.8"]
[White "Jirovsky, Pavel"]
[Black "Slovak, Kilian"]
[Result "1-0"]
[WhiteElo "2322"]
[BlackElo "2242"]
[Annotator "TA"]
[PlyCount "157"]
[EventDate "2019.07.17"]
[EventType "swiss"]
[EventCountry "CZE"]
[SourceTitle "playchess.com"]
[Source "ChessBase"]
[SourceQuality "1"]

1. d4 Nf6 2. Nf3 g6 3. g3 Bg7 4. Bg2 O-O 5. O-O d6 6. c4 Nc6 7. Nc3 a6 8. b3 Rb8 9. Nd5 e6 10. Ne3 b5 11. Bb2 bxc4 12. Nxc4 Bd7 13. Rc1 Re8 14. e3 Nb4 15. a3 Nbd5 16. Qc2 Bb5 17. Rfd1 Ne7 18. b4 Qd7 19. Rd2 Rec8 20. Na5 Ba4 21. Qb1 d5 22. Ne5 Qe8 23. f3 Rb6 24. Nd3 Bh6 25. Re1 Nf5 26. Kf2 Nd6 27. Nc5 Bb5 28. Bf1 Bxf1 29. Kxf1 Rcb8 30. Kf2 Nf5 31. Qd3 Ra8 32. Rc2 Nd7 33. Ncb3 Ra7 34. Nc6 Ra8 35. Nba5 Qf8 36. Bc1 Qd6 37. e4 dxe4 38. fxe4 Bxc1 39. Rexc1 Nh6 40. Kg1 e5 41. d5 Qf6 42. Rf1 Qg5 43. Qd2 Qh5 44. Qe2 Ng4 45. Nc4 Rb7 46. Ne3 Nxe3 47. Qxe3 Re8 48. Na5 Rb6 49. Rxc7 Rd6 50. Nc4 Rf6 51. Rxf6 Nxf6 52. Qf2 Kg7 53. Kg2 Rf8 54. Qf3 Qg5 55. h3 Qc1 56. Qe2 h5 57. Rc6 Qb1 58. Nd6 h4 59. Qc2 Qe1 60. Qf2 Qb1 61. gxh4 Nh5 62. Kh2 Nf4 63. Rc3 Rd8 64. Nb7 Rb8 65. Nc5 Qa1 66. Rf3 a5 67. Nd3 axb4 68. axb4 Nxd3 69. Rxd3 Rxb4 70. d6 Rb2 71. Rd2 Rb8 72. d7 Rd8 73. Qc5 Qe1 74. Qxe5+ Kh7 75. Qd5 Kg7 76. Qd4+ Kh7 77. e5 Qf1 78. Qg4 Qe1 79. Qf4 1-0

[Event "Czech Open Rapid 2019"]
[Site "Pardubice"]
[Date "2019.07.18"]
[Round "7.9"]
[White "Dvoirys, Semen I."]
[Black "Vykouk, Jan"]
[Result "1/2-1/2"]
[WhiteElo "2505"]
[BlackElo "2453"]
[Annotator "ChessBase"]
[PlyCount "158"]
[EventDate "2019.07.17"]
[EventType "swiss"]
[EventCountry "CZE"]
[SourceTitle "playchess.com"]
[Source "ChessBase"]
[SourceQuality "1"]

1. e4 c5 2. Nf3 d6 3. d4 cxd4 4. Nxd4 Nf6 5. Nc3 a6 6. a3 e6 7. Bc4 Qc7 8. Ba2 Nc6 9. O-O Be7 10. Kh1 O-O 11. f4 Nxd4 12. Qxd4 b5 13. f5 Qc5 14. Qd3 exf5 15. exf5 Bb7 16. Bg5 h6 17. Bh4 Rae8 18. Rad1 Bd8 19. Bg3 Bc7 20. Bxd6 Qc6 21. Qg3 Re3 22. Nd5 Nxd5 23. Bxd5 Qxd5 24. Rxd5 Rxg3 25. hxg3 Bxd5 26. Bxc7 Rc8 27. Rd1 Rxc7 28. Rxd5 Rxc2 29. Rd8+ Kh7 30. Ra8 Rxb2 31. Rxa6 Rf2 32. g4 h5 33. gxh5 Rxf5 34. a4 Rxh5+ 35. Kg1 bxa4 36. Rxa4 Rb5 37. Ra2 f5 38. g3 Kh6 39. Kg2 Kg5 40. Ra4 g6 41. Rc4 Rb3 42. Ra4 Re3 43. Rb4 Kf6 44. Kf2 Re6 45. Kf3 g5 46. Ra4 Rc6 47. Ra3 Ke5 48. Ra5+ Ke6 49. Ra3 Rc5 50. Rb3 Ke5 51. Re3+ Kd4 52. Re8 Rc3+ 53. Kf2 Rc2+ 54. Kf1 g4 55. Re7 Ra2 56. Re8 Ra5 57. Kf2 Ra2+ 58. Kf1 Ra3 59. Kf2 Rf3+ 60. Kg2 Re3 61. Rf8 Re2+ 62. Kf1 Re5 63. Kf2 Ke4 64. Ra8 Rd5 65. Re8+ Kd4 66. Re7 Ra5 67. Rd7+ Ke5 68. Re7+ Kf6 69. Re3 Ra2+ 70. Kf1 f4 71. gxf4 Kf5 72. Rb3 Kxf4 73. Kg1 Kg5 74. Rc3 Re2 75. Ra3 Kh4 76. Rb3 Kg5 77. Ra3 Kf4 78. Rb3 Re3 79. Rxe3 g3 1/2-1/2

[Event "Czech Open Rapid 2019"]
[Site "Pardubice"]
[Date "2019.07.18"]
[Round "7.9"]
[White "Zdrazil, Jan"]
[Black "Piesik, Piotr"]
[Result "0-1"]
[WhiteElo "1967"]
[BlackElo "2421"]
[Annotator "NA"]
[PlyCount "98"]
[EventDate "2019.07.17"]
[EventType "swiss"]
[EventCountry "CZE"]
[SourceTitle "playchess.com"]
[Source "ChessBase"]
[SourceQuality "1"]

1. e4 g6 2. d4 Bg7 3. Nc3 c6 4. Be3 d5 5. e5 Nh6 6. Qd2 Nf5 7. O-O-O Nxe3 8. Qxe3 h5 9. e6 Bxe6 10. Bd3 Qd6 11. f4 Nd7 12. g3 O-O-O 13. Re1 Nf6 14. Nf3 Bg4 15. Ng5 Rhf8 16. Qxe7 Qxe7 17. Rxe7 Rd7 18. Rhe1 Kd8 19. R7e3 Re8 20. h3 Bf5 21. Bxf5 gxf5 22. Nf3 Rxe3 23. Rxe3 Ne4 24. Ne5 Re7 25. Nxe4 dxe4 26. Kd1 Bh6 27. h4 f6 28. Nc4 Rd7 29. Rc3 Rxd4+ 30. Ke2 Kd7 31. Ne3 Ke6 32. Rc5 Rb4 33. Rxf5 Rxb2 34. Rxh5 Bf8 35. f5+ Kf7 36. Rh7+ Bg7 37. g4 Kg8 38. Rh5 Rxa2 39. g5 Ra1 40. g6 a5 41. Rh7 a4 42. h5 a3 43. h6 Bxh6 44. Rxh6 Rg1 45. Kf2 a2 46. Kxg1 a1=Q+ 47. Kf2 Qe5 48. Rh7 Qf4+ 49. Ke2 Qf3+ 0-1

[Event "Czech Open Rapid 2019"]
[Site "Pardubice"]
[Date "2019.07.18"]
[Round "7.10"]
[White "Petr, Martin"]
[Black "Dixit, Nikhil"]
[Result "1-0"]
[WhiteElo "2459"]
[BlackElo "2318"]
[Annotator "ChessBase"]
[PlyCount "57"]
[EventDate "2019.07.17"]
[EventType "swiss"]
[EventCountry "CZE"]
[SourceTitle "playchess.com"]
[Source "ChessBase"]
[SourceQuality "1"]

1. e4 g6 2. d4 Bg7 3. Nc3 c6 4. Nf3 d6 5. Be3 Nf6 6. h3 O-O 7. a4 d5 8. e5 Ne4 9. Bd3 Nxc3 10. bxc3 c5 11. h4 Bg4 12. h5 Nc6 13. hxg6 fxg6 14. Be2 Bxf3 15. Bxf3 e6 16. Bg4 Re8 17. Rb1 Rb8 18. Qf3 h5 19. Bxh5 gxh5 20. Qxh5 Ne7 21. g4 Qa5 22. Kf1 Qxc3 23. Qh7+ Kf7 24. Rh6 Rh8 25. Rf6+ Ke8 26. Qxg7 Kd7 27. Qf7 Qxc2 28. Qxe6+ Ke8 29. Qf7+ 1-0

[Event "Czech Open Rapid 2019"]
[Site "Pardubice"]
[Date "2019.07.18"]
[Round "7.10"]
[White "Panesso Rivera, Henry"]
[Black "Zilka, Stepan"]
[Result "1/2-1/2"]
[WhiteElo "2380"]
[BlackElo "2534"]
[Annotator "ChessBase"]
[PlyCount "106"]
[EventDate "2019.07.17"]
[EventType "swiss"]
[EventCountry "CZE"]
[SourceTitle "playchess.com"]
[Source "ChessBase"]
[SourceQuality "1"]

1. Nf3 Nf6 2. g3 d5 3. Bg2 c6 4. b3 Bg4 5. Bb2 Nbd7 6. d4 e6 7. h3 Bh5 8. O-O Be7 9. c4 O-O 10. Nc3 Ne4 11. Ne1 f5 12. Nd3 Bd6 13. Bf3 Qg5 14. h4 Qg6 15. Bxh5 Qxh5 16. e3 Qg6 17. Qe2 Nxc3 18. Bxc3 Nf6 19. Nf4 Bxf4 20. exf4 Ne4 21. Bb4 Rf6 22. Kg2 Qg4 23. Qe3 a5 24. Be1 Qh5 25. a4 dxc4 26. bxc4 Qe8 27. f3 Nd6 28. c5 Nc8 29. Rb1 Qd7 30. Qb3 Rf7 31. Bc3 Ne7 32. Qxb7 Qxb7 33. Rxb7 Nd5 34. Rxf7 Kxf7 35. Rc1 Rb8 36. Bxa5 Ra8 37. Be1 Rxa4 38. Bf2 Ra2 39. Rb1 h5 40. Kf1 Ra3 41. Kg2 Ra2 42. Kf1 Ra7 43. Rb3 Ke7 44. Kg2 Kd7 45. Rb8 Ra2 46. Kf1 Ke7 47. Rb7+ Kf6 48. Rb3 g6 49. Kg2 Ke7 50. Rb7+ Kd8 51. Kf1 Ra1+ 52. Kg2 Ra2 53. Kf1 Ra1+ 1/2-1/2

[Event "Czech Open Rapid 2019"]
[Site "Pardubice"]
[Date "2019.07.18"]
[Round "7.11"]
[White "Rasik, Vitezslav"]
[Black "Biolek, Richard Jr."]
[Result "1-0"]
[WhiteElo "2470"]
[BlackElo "2447"]
[Annotator "TA RC"]
[PlyCount "45"]
[EventDate "2019.07.17"]
[EventType "swiss"]
[EventCountry "CZE"]
[SourceTitle "playchess.com"]
[Source "ChessBase"]
[SourceQuality "1"]

1. e4 Nc6 2. Nf3 e5 3. Bb5 Qe7 4. O-O Nd8 5. d4 c6 6. Ba4 d6 7. Nc3 f6 8. a3 g5 9. Nd5 Qg7 10. Ne3 Ne7 11. dxe5 dxe5 12. Bb3 h5 13. Qd3 h4 14. Rd1 Nf7 15. Nf5 Nxf5 16. exf5 Nd6 17. Qe2 Nxf5 18. c3 Bd7 19. Nd4 Nxd4 20. cxd4 O-O-O 21. dxe5 fxe5 22. Be3 Kb8 23. Qd2 1-0

[Event "Czech Open Rapid 2019"]
[Site "Pardubice"]
[Date "2019.07.18"]
[Round "7.11"]
[White "Nikologorsky, Matfei"]
[Black "Blatny, Pavel"]
[Result "0-1"]
[WhiteElo "2223"]
[BlackElo "2321"]
[Annotator "NA"]
[PlyCount "72"]
[EventDate "2019.07.17"]
[EventType "swiss"]
[EventCountry "CZE"]
[SourceTitle "playchess.com"]
[Source "ChessBase"]
[SourceQuality "1"]

1. e4 b6 2. d4 Bb7 3. Nc3 e6 4. Nf3 Ne7 5. Bd3 g6 6. Bg5 Bg7 7. Qd2 h6 8. Be3 d6 9. h4 Nd7 10. a4 a6 11. Ne2 Nf6 12. Ng3 Ng4 13. h5 Nxe3 14. fxe3 g5 15. Nh2 Qd7 16. a5 b5 17. O-O Rf8 18. c4 bxc4 19. Bxc4 f5 20. exf5 exf5 21. Bb3 Bd5 22. Ba4 c6 23. Rac1 Rb8 24. Nf3 f4 25. exf4 gxf4 26. Ne2 Qg4 27. Rce1 Kd7 28. Rf2 Nf5 29. Nxf4 Bxf3 30. Rxf3 Bxd4+ 31. Kh2 Rxb2 32. Qd3 Qh4+ 33. Nh3 Qxe1 34. Rxf5 Be5+ 35. Rxe5 Qxe5+ 36. Kg1 Re2 0-1